000 00956nam a2200193Ii 4500
003 JO-AjNU
008 230605s9999||||xx |||||||||||||| ||und||
040 _aJO-AjNU
_bara
_erda
_cJO-AjNU
041 _aara
050 1 4 _aHB61.A42.2005
100 3 _aالعلاونة ، إسماعيل مصطفى,
_eauthor
_929650
245 0 0 _aقاموس الوطن : الاقتصاد و المحاسبة و العلوم الإدارية إنجليزي - عربي 
264 3 1 _aعمان: دار اليازوري العلمية للنشر، 2005
300 _a524ص
336 _atext
_btxt
_2rdacontent
337 _aunmediated
_bn
_2rdamedia
338 _avolume
_bnc
_2rdacarrier
650 4 _aالاقتصاد -- معاجم -- اللغة الإنجليزية -- الاقتصاد -- معاجم -- اللغة العربية -- المحاسبة -- معاجم -- اللغة الإنجليزية -- الإدارة -- معاجم -- اللغة الإنجليزية
_929651
999 _aA11657
_c15225
_d15225